Workshop "New Trends" : 21.-23. února 2013 : sborník příspěvků : Interhotel Tatra, Kopřivnice, Česká republika 2013

Korporativní autor: Vysoká škola báňská - Technická univerzita Ostrava. Nanotým
Další autoři: New Trends
Jazyk: Angličtina
Vydáno: Ostrava : Vysoká škola báňská - Technická univerzita Ostrava, FS, katedra mechanické technologie, 2014
Vydání: 1. vyd.
Témata:
Fyzický popis: [70] s. : il. (některé barev.) ; 24 cm
Knihy
Uloženo v:
LEADER 02076nam a2200505 a 4500
001 nkc20142589105
003 CZ PrNK
005 20140807075447.0
007 ta
008 140703s2014 xr a f 000 0 eng
015 |a cnb002589105 
020 |a 978-80-248-3414-6  |q (brož.) 
035 |a (OCoLC)886603675 
040 |a ABA001  |b cze 
072 7 |a 620.1/.2  |x Nauka o materiálu  |2 Konspekt  |9 19 
080 |a 620.2  |2 MRF 
080 |a 620.2-022.532  |2 MRF 
080 |a 620.2-026.772-026.762  |2 MRF 
080 |a (062.534)  |2 MRF 
111 2 |a New Trends  |d (2013 :  |c Kopřivnice, Česko)  |7 kn20140714008 
245 1 0 |a Workshop "New Trends" :  |b 21.-23. února 2013 : sborník příspěvků : Interhotel Tatra, Kopřivnice, Česká republika 2013 
246 1 |i Název v tiráži:  |a Sborník příspěvků z workshopu "New Trends" 
246 3 0 |a New Trends - sborník příspěvků 
250 |a 1. vyd. 
260 |a Ostrava :  |b Vysoká škola báňská - Technická univerzita Ostrava, FS, katedra mechanické technologie,  |c 2014 
300 |a [70] s. :  |b il. (některé barev.) ;  |c 24 cm 
500 |a Název z obálky 
500 |a Nad názvem: Nanotým VŠB-TU Ostrava 
500 |a 70 výt. 
504 |a Obsahuje bibliografie a bibliografické odkazy 
650 0 7 |a materiálové inženýrství  |7 ph115241  |2 czenas 
650 0 7 |a nanomateriály  |7 ph138053  |2 czenas 
650 0 7 |a ultrajemnozrnné materiály  |7 ph684605  |2 czenas 
650 0 9 |a materials engineering  |2 eczenas 
650 0 9 |a nanostructure materials  |2 eczenas 
650 0 9 |a ultra fine grained materials  |2 eczenas 
655 7 |a sborníky konferencí  |7 fd133333  |2 czenas 
655 9 |a proceedings of conferences  |2 eczenas 
710 2 |a Vysoká škola báňská - Technická univerzita Ostrava.  |b Nanotým  |7 kn20140715001 
910 2 |a BOA001  |b 2-1329.508 
928 9 |a Vysoká škola báňská - Technická univerzita Ostrava, Strojní fakulta 
990 |a BK 
995 |a 01 
991 |b 201407  |c NOV  |e n 
996 6 |b 2610597409  |c 2-1329.508  |l MZK  |r Sklad / do 1 hodiny  |n 0  |p p.v.  |w 001438313  |u 000010  |a 1  |e BOA001  |j MZK50  |s P